| 000 | 01745nam0a2200409 4500 | ||
|---|---|---|---|
| 001 | RU\NLR\bibl\121920 | ||
| 005 | 20260406153838.0 | ||
| 010 |
_a5-8245-0004-5 _915000 |
||
| 021 |
_aRU _b2000-31779 _91487 |
||
| 035 | _a(NLR Aleph) 000119396 | ||
| 090 |
_a679535 _c679535 |
||
| 100 | _a20001012d2000 |||y0rusy50 ca | ||
| 101 | 0 | _arus | |
| 102 | _aRU | ||
| 105 | _ay ||||||||| | ||
| 200 | 1 |
_aСправочник по диагностике неисправностей автомобиля _f[Сост. Волгин В.В.] |
|
| 210 |
_aМ. _cАтласы автомобилей _d2000 |
||
| 215 |
_a95,[1] с. _d21 |
||
| 225 | 1 | _aАтласы водителя | |
| 320 | _aБиблиогр.: с. 94 | ||
| 606 | 0 |
_aЛегковые автомобили _jСправочники _xНеисправности _92165306 _3RU\NLR\auth\661302884 |
|
| 606 | 0 |
_aЛегковые автомобили _jСправочники _xТехническая диагностика _92187394 _3RU\NLR\auth\661315088 |
|
| 610 | 0 | _aАвтомобили легковые - Неисправности - Обнаружение | |
| 610 | 0 | _aСправочники - автомобили легковые - неисправности | |
| 675 |
_a629.33-181.4.078(035.5) _v3 _zrus |
||
| 686 |
_a55.43 _2rugasnti |
||
| 686 |
_a39.335.52-08я2 _2rubbk |
||
| 686 | _aО335.52-082.03я2 | ||
| 686 | _aО335.52-082.051я2 | ||
| 702 | 1 |
_4220 _8rus _7ca _aВолгин _bВ. В. _cэкономист _f1940- _gВладислав Васильевич _3RU\NLR\auth\776583 _9116534 |
|
| 801 | 0 |
_aRU _bRKP _c20001012 _gPSBO |
|
| 801 | 1 |
_aRU _bRKP _c20001012 |
|
| 801 | 2 |
_aRU _bNLR _c20071130 _grcr |
|
| 852 |
_aNLR _j2000-4/7881 |
||
| 942 | _cBOOK | ||
| 980 | _aNB | ||